<?xml version="1.0" encoding="UTF-8"?>
<record
    xmlns:xsi="http://www.w3.org/2001/XMLSchema-instance"
    xsi:schemaLocation="http://www.loc.gov/MARC21/slim http://www.loc.gov/standards/marcxml/schema/MARC21slim.xsd"
    xmlns="http://www.loc.gov/MARC21/slim">

  <leader>01097nam a22002537a 4500</leader>
  <controlfield tag="005">20170123164155.0</controlfield>
  <datafield tag="010" ind1=" " ind2=" ">
    <subfield code="a">B-201104</subfield>
  </datafield>
  <datafield tag="020" ind1=" " ind2=" ">
    <subfield code="a">8126019655</subfield>
    <subfield code="c">375.00</subfield>
  </datafield>
  <datafield tag="035" ind1=" " ind2=" ">
    <subfield code="a">B-201104</subfield>
  </datafield>
  <datafield tag="037" ind1=" " ind2=" ">
    <subfield code="a">Cen Lib / Ret</subfield>
  </datafield>
  <datafield tag="040" ind1=" " ind2=" ">
    <subfield code="a">DPL</subfield>
    <subfield code="b">PN</subfield>
  </datafield>
  <datafield tag="082" ind1=" " ind2=" ">
    <subfield code="a">&#xA09;</subfield>
    <subfield code="b">&#xA2D;&#xA3E;&#xA08;&#xA30;&#xA71;</subfield>
  </datafield>
  <datafield tag="100" ind1=" " ind2=" ">
    <subfield code="a">&#xA2D;&#xA3E;&#xA08;&#xA30;&#xA71;&#xA2A;&#xA3E;, &#xA10;&#xA38;. &#xA10;&#xA32;.</subfield>
    <subfield code="9">141383</subfield>
  </datafield>
  <datafield tag="245" ind1=" " ind2=" ">
    <subfield code="a">&#xA2A;&#xA30;&#xA35;&#xA3E; :</subfield>
    <subfield code="c">&#xA10;&#xA38;. &#xA10;&#xA32;. &#xA2D;&#xA3E;&#xA08;&#xA30;&#xA71;&#xA2A;&#xA3E; ; &#xA05;&#xA28;&#xA41;&#xA35;&#xA3E;&#xA26;&#xA15; &#xA32;&#xA35;&#xA32;&#xA40;&#xA28; &#xA1C;&#xA48;&#xA32;&#xA40;</subfield>
    <subfield code="b">&#xA15;&#xA28;&#xA5C; &#xA28;&#xA3E;&#xA35;&#xA32; /</subfield>
  </datafield>
  <datafield tag="246" ind1=" " ind2=" ">
    <subfield code="a">Parva : </subfield>
    <subfield code="b">by S. L. Bhyrappa ; translated by Lovleen Jolly </subfield>
  </datafield>
  <datafield tag="260" ind1=" " ind2=" ">
    <subfield code="a">&#xA28;&#xA35;&#xA40;&#xA02; &#xA26;&#xA3F;&#xA71;&#xA32;&#xA40; </subfield>
    <subfield code="b">&#xA38;&#xA3E;&#xA39;&#xA3F;&#xA24; &#xA05;&#xA15;&#xA3E;&#xA26;&#xA47;&#xA2E;&#xA40; </subfield>
    <subfield code="c">2005</subfield>
  </datafield>
  <datafield tag="270" ind1=" " ind2=" ">
    <subfield code="a">&#xA30;&#xA35;&#xA3F;&#xA70;&#xA26;&#xA30; &#xA2D;&#xA35;&#xA28;, 35, &#xA2B;&#xA3C;&#xA40;&#xA30;&#xA4B;&#xA1C;&#xA3C;&#xA38;&#xA3C;&#xA3E;&#xA39;</subfield>
    <subfield code="b">&#xA28;&#xA35;&#xA40;&#xA02; &#xA26;&#xA3F;&#xA71;&#xA32;&#xA40; </subfield>
    <subfield code="e">110001</subfield>
  </datafield>
  <datafield tag="300" ind1=" " ind2="1">
    <subfield code="a">864p</subfield>
    <subfield code="b">21cm(Hb)</subfield>
  </datafield>
  <datafield tag="650" ind1=" " ind2=" ">
    <subfield code="a">&#xA2A;&#xA70;&#xA1C;&#xA3E;&#xA2C;&#xA40; &#xA38;&#xA3E;&#xA39;&#xA3F;&#xA24;</subfield>
    <subfield code="v">&#xA2A;&#xA70;&#xA1C;&#xA3E;&#xA2C;&#xA40; &#xA38;&#xA3E;&#xA39;&#xA3F;&#xA24;-&#xA28;&#xA3E;&#xA35;&#xA32;</subfield>
    <subfield code="9">3201</subfield>
  </datafield>
  <datafield tag="650" ind1=" " ind2=" ">
    <subfield code="a">Punjabi Literature</subfield>
    <subfield code="9">141384</subfield>
  </datafield>
  <datafield tag="650" ind1=" " ind2=" ">
    <subfield code="a">Punjabi Literature-Novel</subfield>
    <subfield code="9">1580</subfield>
  </datafield>
  <datafield tag="700" ind1=" " ind2=" ">
    <subfield code="a">&#xA1C;&#xA48;&#xA32;&#xA40;, &#xA32;&#xA35;&#xA32;&#xA40;&#xA28; </subfield>
    <subfield code="9">141385</subfield>
  </datafield>
  <datafield tag="942" ind1=" " ind2=" ">
    <subfield code="2">ddc</subfield>
    <subfield code="c">PN</subfield>
    <subfield code="m">&#xA2D;&#xA3E;&#xA08;&#xA30;&#xA71;</subfield>
    <subfield code="h">&#xA09;</subfield>
  </datafield>
  <datafield tag="999" ind1=" " ind2=" ">
    <subfield code="c">110611</subfield>
    <subfield code="d">110611</subfield>
  </datafield>
  <datafield tag="952" ind1=" " ind2=" ">
    <subfield code="0">0</subfield>
    <subfield code="1">0</subfield>
    <subfield code="4">0</subfield>
    <subfield code="7">0</subfield>
    <subfield code="a">L</subfield>
    <subfield code="b">L</subfield>
    <subfield code="d">2016-02-05</subfield>
    <subfield code="e">Cen Lib/Ret</subfield>
    <subfield code="g">375.00</subfield>
    <subfield code="l">0</subfield>
    <subfield code="o">&#xA09; &#xA2D;&#xA3E;&#xA08;&#xA30;&#xA71;</subfield>
    <subfield code="p">B-201104</subfield>
    <subfield code="r">2016-02-05 00:00:00</subfield>
    <subfield code="t">1</subfield>
    <subfield code="v">375.00</subfield>
    <subfield code="w">2016-02-05</subfield>
    <subfield code="y">PN</subfield>
  </datafield>
</record>
